Language Quiz

Random Language or Letter Quiz

Three Letter 'V' Words Quiz Stats

 Plays Quiz Updated Jul 14, 2017

Support Sporcle.
Go Orange.
Score 0/25 Timer 03:00
1 Play Today
Word % Correct
van
96%
vat
94.8%
vet
92.2%
vas
88.9%
vie
87.9%
vin
87.8%
var
87.6%
vim
86.8%
vac
85.5%
vid
82.8%
vex
82.6%
veg
82%
via
81.5%
Word % Correct
vaw
80.7%
vee
80.5%
vig
80.2%
vis
78.3%
vow
78.3%
vau
77.6%
vav
77%
vox
69.9%
voe
69.2%
vog
69.1%
vug
53%
vum
51.8%

You're not logged in!

Compare scores with friends on all Sporcle quizzes.
OR
Log In
Forgot?

From the Vault

Find the Greek Gods

by tim_parr

Let's just hope you don't find them in real life.
Remove Ads.
Support Sporcle.
Get the best of Sporcle when you Go Orange. This ad-free experience offers more features, more stats, and more fun while also helping to support Sporcle. Thank you for becoming a member.

Show Comments

Extras

Top Quizzes Today


Score Distribution

Your Account Isn't Verified!

In order to create a playlist on Sporcle, you need to verify the email address you used during registration. Go to your Sporcle Settings to finish the process.

Report this User

Report this user for behavior that violates our Community Guidelines.

Details: